000 00383 a2200169 4500
001 191410
020 _a85-7153-115-3
040 _cMagnum
100 _aBerutti, Flávio
240 1 0 _aBrasil, 500 anos de esperança
_lpor
245 1 0 _aBrasil, 500 anos de esperança
300 _a28
362 0 _a2000
440 1 _aRHJ
697 _aLITERATURA INFANTO-JUVENIL
942 _cBK
999 _c191410
_d191410